Представление документа в формате MARC21

Поле Инд. ПП Название Значение
Тип записи a
Библиографический уровень m
001 Контрольный номер 48e5b62063be4c66b648ecbdb936c832
005 Дата корректировки 20241105141412.5
040 b Код языка каталог. rus
e Правила каталог. PSBO
041 0_ a Код языка текста rus
080 a Индекс УДК 621.891
090 a Полочн. индекс 621.8
x Авторский знак М 55
097 b Оператор *Фа*
245 10 a Заглавие Механика и физика процессов на поверхности и в контакте твердых тел, деталей технологического и энергетического оборудования
b Продолж. заглавия межвузовский сборник научных трудов
c Ответственность Тверской государственный технический университет
c Ответственность под редакцией В.В. Измайлова
c Ответственность редколлегия: В.В. Измайлов (отв. ред.) [и др.]
n Номер части/ раздела Выпуск 17
260 a Место издания Тверь
b Издательство ТвГТУ
c Дата издания 2024
300 a Объем 108 с.
516 8_ a Прим. о типе комп. файла/ данных Текст : электронный
520 0_ a Аннотация Включены статьи теоретического и прикладного характера, посвященные физическим, химическим, механическим процессам контактного взаимодействия твердых тел и деталей технологического и энергетического оборудования. Предназначен для научных и инженерно-технических работников, докторантов, аспирантов, студентов. Подготовлен на кафедре прикладной физики Тверского государственного технического университета.
535 1_ a Хранилище Сервер
653 0_ a Ключевые слова Механика процессов
a Ключевые слова Физика процессов
a Ключевые слова Коррозионные прoцессы
a Ключевые слова Сила трения
a Ключевые слова Закон трения Кулона
a Ключевые слова Износ инструмента
a Ключевые слова Повышение износостойкости
a Ключевые слова Микроабразивные испытания
900 a Имя макрообъекта 001-000161379-000000000-0000-0000-01
901 t Тип документа s
905 a Дата создания записи 31.07.24
951 i EL-ТГТУ? Да
990 h N записи в КСУ для Б/У (DOS) 25/2024э